000
00331nam a2200157Ia 4500
008
210210b xxu||||| |||| 00| 0 eng d
041
_a
eng
082
_a
920/76
100
_a
BARSKI (Jalowiecki)
245
_a
Free poland
260
_a
Bombay
_b
-
_c
650
_a
poland
650
_a
Free
690
_a
History
906
_a
024818
999
_c
150438
_d
150438